000 00636nam a2200193 u 4500
999 _c7866
_d7866
001 991061097876006706
003 OSt
005 20240221114500.0
008 s2021 xx r 000 0 cat d
020 _a9788412740394
040 _aCDMR
_bcat
_cCDMR
100 _aDickens, Charles
_94936
245 _aPasiones públicas, emociones privadas
_b: escritos periodísticos
_c/ Charles Dickens; edición y traducción de Dolores Payás
260 _aBarcelona
_b: Gatopardo Ediciones
_c, 2024
300 _a416 pàgines
600 0 _94936
_aDickens, Charles
_xReculls d'escrits
700 _94937
_aPayás, Dolores
942 _2udc
_cMON